| 000 | 00654nam a2200229 i 4500 | ||
|---|---|---|---|
| 001 | 000046397 | ||
| 003 | DO-SdBNP | ||
| 005 | 20240305130541.0 | ||
| 007 | ta | ||
| 008 | 150807s1989 dr 000 0 spa d | ||
| 040 |
_aDO-SdBNP _bspa _cBNPHU _erda |
||
| 100 | 1 |
_aTavares K., Juan Tomás, _d1953- _eautor _948925 |
|
| 245 | 1 | 0 |
_aEduc-Acción / _bJuan Tomás Tavares K. |
| 264 |
_aSanto Domingo : _bEDUCA, _c1989 |
||
| 300 |
_a118 páginas ; _c23 cm. |
||
| 336 |
_2rdacontent _atexto _btxt |
||
| 337 |
_2rdamedia _asin mediación _bn |
||
| 338 |
_2rdacarrier _avolumen _bnc |
||
| 590 | _aInventariado, 2023/BT | ||
| 910 | _aBtavárez | ||
| 942 |
_2ddc _cLBS1 |
||
| 999 |
_c45886 _d45886 |
||